Reyes de Polonia - Estadísticas

Estadísticas generales
  • Esta prueba ha sido intentada 29 veces
  • La puntuación promedio es 26 de 65
Estadísticas de respuestas
Período Nombre del Rey % Correcto
1492-1501 Juan I Alberto
86%
1648-1688 Juan II Casimiro
86%
1674-1696 Juan III
86%
1232-1238 Enrique I
71%
1238-1241 Enrique II
71%
1288-1290 Enrique IV
71%
1573-1575 Enrique V
71%
1825-1831-1855 Nicolás I
71%
1894-1916 Nicolás II
71%
1501-1506 Alejandro I
67%
1815-1825 Alejandro II
67%
1855-1881 Alejandro III
67%
1881-1894 Alejandro IV
67%
1704-1709 Estanislao I
67%
1733-1736 Estanislao I
67%
1764-1795 Estanislao II
67%
1506-1548 Segismundo I
57%
1548-1572 Segismundo II
57%
1587-1632 Segismundo III
57%
1039-1058 Casimiro I
52%
1177-1191 Casimiro II
52%
1191-1194 Casimiro II
52%
1333-1370 Casimiro III
52%
1447-1492 Casimiro IV
52%
1697-1706 Augusto II
43%
1709-1733 Augusto II
43%
1733-1763 Augusto III
43%
1241 Boleslao
43%
992-1025 Boleslao I
43%
1058-1079 Boleslao II
43%
1102-1107 Boleslao III
43%
1146-1173 Boleslao IV
43%
1243-1279 Boleslao V
43%
1669-1673 Miguel
43%
1370-1382 Luis I
38%
1079-1102 Vladislao I
38%
1306-1333 Vladislao I
38%
1138-1146 Vladislao II
38%
1386-1434 Vladislao II
38%
1202 Vladislao III
38%
1228-1229 Vladislao III
38%
1434-1444 Vladislao III
38%
1632-1648 Vladislao IV
38%
1576-1586 Esteban I
29%
1300-1305 Wenceslao II
29%
1305-1306 Wenceslao III
29%
1807-1815 Federico Augusto
24%
1575-1586 Ana
14%
1384-1399 Eduviges I
14%
960-992 Miecislao I
10%
1025-1031 Miecislao II
10%
1032-1034 Miecislao II
10%
1173-1177 Miecislao III
10%
1191 Miecislao III
10%
1198-1202 Miecislao III
10%
1210-1211 Miecislao IV
10%
1194-1198 Leszek I
5%
1202 Leszek I
5%
1202-1210 Leszek I
5%
1211-1227 Leszek I
5%
1279-1288 Leszek II
5%
1290-1296 Premislao II
5%
1031-1032 Bezprym
0%
1229-1232 Conrado I
0%
1241-1243 Conrado I
0%
No se encontraron pruebas coincidentes
Distribución de puntuación
Porcentaje de gente con cada puntuación
Porcentaje por número respondido
Historial de tus puntuaciones
No has intentado esta prueba.